The turn of the tide, 1939-1943 : (Record no. 24018)
[ view plain ]
| 000 -LEADER | |
|---|---|
| fixed length control field | 01008cam a22002891 4500 |
| 001 - CONTROL NUMBER | |
| control field | 24018 |
| 003 - CONTROL NUMBER IDENTIFIER | |
| rucl marc code | BD-RjUL |
| 005 - DATE AND TIME OF LATEST TRANSACTION | |
| control field | 20211209001011.0 |
| 008 - FIXED-LENGTH DATA ELEMENTS--GENERAL INFORMATION | |
| fixed length control field | 140312r1957 xx 001 0 eng |
| 035 ## - SYSTEM CONTROL NUMBER | |
| System control number | (BD-RjUL)24083 |
| System control number | (OCoLC)349065 |
| 040 ## - CATALOGING SOURCE | |
| Original cataloging agency | DLC |
| Transcribing agency | OKentU |
| Modifying agency | OCoLC |
| -- | OC |
| -- | DLC |
| -- | BD-RjUL |
| Language of cataloging | eng |
| 041 ## - LANGUAGE CODE | |
| Language code of text/sound track or separate title | eng |
| 082 04 - DEWEY DECIMAL CLASSIFICATION NUMBER | |
| Classification number | 940.5401 |
| Author mark and year | BRT 1957 |
| 100 1# - MAIN ENTRY--PERSONAL NAME | |
| Personal name | Bryant, Arthur, |
| Dates associated with a name | 1899-1985. |
| 9 (RLIN) | 18905 |
| 245 14 - TITLE STATEMENT | |
| Title | The turn of the tide, 1939-1943 : |
| Remainder of title | a study based on the diaries and autobiographical notes of Field Marshal the Viscount Alanbrooke / |
| 260 ## - PUBLICATION, DISTRIBUTION, ETC. (IMPRINT) | |
| Place of publication, distribution, etc. | London : |
| Name of publisher, distributor, etc. | Collins, |
| Date of publication, distribution, etc. | 1957. |
| 300 ## - PHYSICAL DESCRIPTION | |
| Pagination | 766 p. : |
| Illustrations | illus. ; |
| Size | 22 cm. |
| 504 ## - BIBLIOGRAPHY, ETC. NOTE | |
| Bibliography, etc | includes index. |
| 600 10 - SUBJECT ADDED ENTRY--PERSONAL NAME | |
| Personal name | Alanbrooke, Alan Brooke, |
| Titles and other words associated with a name | Viscount, |
| Dates associated with a name | 1883-1963 |
| 650 #0 - SUBJECT ADDED ENTRY--TOPICAL TERM | |
| Topical term or geographic name as entry element | World War, 1939-1945 |
| Geographic subdivision | Great Britain. |
| 9 (RLIN) | 73958 |
| Topical term or geographic name as entry element | Marshals |
| Geographic subdivision | Great Britain |
| Form subdivision | Diaries. |
| 9 (RLIN) | 73959 |
| 700 1# - ADDED ENTRY--PERSONAL NAME | |
| Personal name | Alanbrooke, Alan Brooke, |
| Dates associated with a name | 1883-1963. |
| 942 ## - ADDED ENTRY ELEMENTS (KOHA) | |
| Source of classification or shelving scheme | Dewey Decimal Classification |
| Koha item type | Books |
| Lost status | Source of classification or shelving scheme | Damaged status | Not for loan | Collection code | Permanent Location | Current Location | Shelving location | Date acquired | Source of acquisition | Total Checkouts | Full call number | Date last seen | Copy number | Koha item type | Cost, normal purchase price |
|---|---|---|---|---|---|---|---|---|---|---|---|---|---|---|---|
| Dewey Decimal Classification | Added to bundle | Non-fiction | Central Library, University of Rajshahi | Central Library, University of Rajshahi | Reading Room | 16/07/1991 | shamsumrahar | 940.5401 BRT 1957 | 12/03/2014 | C-1 | Books | ||||
| Dewey Decimal Classification | Added to bundle | Non-fiction | Central Library, University of Rajshahi | Central Library, University of Rajshahi | Reading Room | 07/04/1962 | Asia foundation | 940.5401 BRT 1957 | 15/03/2014 | C-1 | Books | 0.00 |